000 00440nam a22001697a 4500
005 20251108164118.0
008 250721s1975 xx 000 0 ara d
082 1 4 _a210/محم
100 1 _aالغزالي، محمد
245 1 0 _aهذا ديننا /
250 _aط3
264 1 _aالقاهرة :
_bدار الكتب الإسلامية،
_c1975.
300 _a234 ص
650 1 7 _aالإسلام
942 _2ddc
_cBK
999 _c3902
_d3902